Datum a čas kvízu
22.5
Celkem bodů
Celkový počet nahraných bodů na tomto kvízu bez doplňovacích otázek.
8.
Pořadí na kvízu
Konečné umístění týmu na tomto kvízu.
Zaznamenané odpovědi
| # | Otázka | Odpověď | Body | Výsledky |
|---|---|---|---|---|
| 1. | Hlavní město Praha spouští nov... | 1 | ||
| 2. | Manželka amerického prezidenta... | 1 | ||
| 3. | V pondělí byl neznámými útoční... | 1 | ||
| 4. | Moskevská pobočka amerického f... | 1 | ||
| 5. | Hvězdný italský fotbalový bran... | 1 | ||
| 6. | Podíváme se na zvířata, která... | 0 | ||
| 7. | Na území kterého státu žije vě... | 1 | ||
| 8. | Jak se jmenuje toto roztomilé... | 0 | ||
| 9. | Menší kočkovitá šelma margay,... | 0 | ||
| 10. | Svět je opravdu plný paradoxů.... | 0 |